Quiz mathématique rapide, juste un petit quiz 14 - Statistiques

Statistiques générales
  • Ce quiz a été pris 289 fois
  • Le résultat moyen est 14 sur 15
Statistiques - réponses
Hint Réponse % Correct
1 x 11 = 11
100%
2 x 11 = 22
100%
3 x 11 = 33
100%
4 x 11 = 44
100%
5 x 11 = 55
99%
6 x 11 = 66
99%
7 x 11 = 77
99%
8 x 11 = 88
99%
9 x 11 = 99
99%
10 x 11 = 110
98%
11 x 11 = 121
94%
12 x 11 = 132
90%
13 x 11 = 143
90%
14 x 11 = 154
89%
15 x 11 = 165
88%
Aucun quiz correspondant
Distribution des résultats
% des personnes avec chaque résultat
Percentile par nombre de réponses
Votre historique - résultats
Vous n’avez pas pris ce quiz